Educación y violencia familiar
Zapisane w:
| 1. autor: | |
|---|---|
| Format: | Książka |
| Język: | hiszpański |
| Wydane: |
Madrid
Dykinson
2002
|
| Hasła przedmiotowe: | |
| Etykiety: |
Dodaj etykietę
Nie ma etykietki, Dołącz pierwszą etykiete!
|
MARC
| LEADER | 00000nam a2200000 a 4500 | ||
|---|---|---|---|
| 001 | UCL9472 | ||
| 003 | CL-VaPUC | ||
| 008 | 040806e20020000SP |||||||||||||||||spa|d | ||
| 020 | |a 8481559598 | ||
| 082 | 0 | 4 | |a 371.782 |b SOR |2 21 |
| 100 | 0 | |a Soriano Díaz, Andrés |e author |9 487297 | |
| 245 | 1 | 0 | |a Educación y violencia familiar |
| 300 | |a 119 p | ||
| 942 | |c BK | ||
| 945 | |d 20040806 00:00:00 |a cmena | ||
| 260 | |a Madrid |b Dykinson |c 2002 | ||
| 650 | 0 | |a Violencia escolar |9 453211 | |
| 650 | 0 | |a Influencia social |9 309315 | |
| 650 | 0 | |a Maltrato infantil |9 324690 | |
| 650 | 0 | |a Violencia intrafamiliar |9 312986 | |
| 650 | 0 | |a Agresividad |9 257862 | |
| 650 | 0 | |a Psicología educacional |9 307830 | |
| 583 | |a last modification |c 20040806 00:00:00 |k Rodrigo Vera | ||
| 999 | |c 310240 |d 310238 | ||
| 952 | |0 0 |1 0 |4 0 |6 371_782000000000000_SOR_2002 |7 0 |8 A |9 378517 |a BIBEDU |b BIBEDU |d 2019-11-21 |i 404715K |o 371.782 SOR 2002 |p 404715K |r 2019-11-21 |w 2019-11-21 |y BK |k PAR | ||
| 952 | |0 0 |1 0 |4 0 |6 371_782000000000000_SOR_2002 |7 0 |8 A |9 378518 |a BIBEDU |b BIBEDU |d 2019-11-21 |i 421059K |o 371.782 SOR 2002 |p 421059K |r 2019-11-21 |w 2019-11-21 |y BK |k PAR | ||
| 952 | |0 0 |1 0 |4 0 |6 371_782000000000000_SOR_2002 |7 0 |8 A |9 378519 |a BIBEDU |b BIBEDU |d 2019-11-21 |i 4210603 |o 371.782 SOR 2002 |p 4210603 |r 2019-11-21 |w 2019-11-21 |y BK |k PAR | ||